Obálka Náhled e-knihy:
PDF Epub
Pro půjčování e-knih musíte být přihlášeni.
Jak si půjčit online?

Emma /

Román z klidného městečka v Anglii na přelomu 18. a 19. století představuje jako hrdinku mladou nezkušenou dívku, která se snaží řídit osudy svých bližních.

Uloženo v:
Hlavní autor: Austen, Jane, 1775-1817 (Autor)
Další autoři: Ruxová, Eva, 1923- (Autor)
Médium: E-kniha
Jazyk:Czech
Vydáno: Praha : Dobrovský s.r.o., 2025
Edice:1400
Témata:
Tagy:
Žádné tagy
LEADER 02284nam a2200433 i 4500
001 312648
003 CZ PrSKC
005 20260601215726.0
007 ta
008 250221s2025 xr g 000 f cze
015 |a cnb003673954 
020 |a 9788027743421  |q (vázáno) 
035 |a (OCoLC)1519101335 
040 |a ABG001  |b cze  |d OLA001  |e rda 
041 1 |a cze  |h eng 
072 7 |a 821.111-3  |x Anglická próza, anglicky psaná  |2 Konspekt 
080 |a 821.111-31  |2 MRF 
080 |a (0:82-31)  |2 MRF 
100 1 |a Austen, Jane,  |d 1775-1817  |7 jn19990000321  |4 aut 
240 1 0 |a Emma.  |l Česky  |7 aun2007431046 
245 1 0 |a Emma /  |c Jane Austen ; překlad: Eva Ruxová 
264 1 |a Praha :  |b Dobrovský s.r.o.,  |c 2025 
300 |a 495 stran ;  |c 21 cm 
336 |a text  |b txt  |2 rdacontent 
337 |a bez média  |b n  |2 rdamedia 
338 |a svazek  |b nc  |2 rdacarrier 
490 1 |a 1400 
500 |a Přeloženo z angličtiny 
520 2 |a Román z klidného městečka v Anglii na přelomu 18. a 19. století představuje jako hrdinku mladou nezkušenou dívku, která se snaží řídit osudy svých bližních.  |b Hrdinčina životní nezkušenost ji předurčuje k mnoha omylům, jejichž nepříjemné důsledky v ní brzy vypěstují nutnou rozvahu a schopnost ocenit skutečné životní hodnoty, nezávislé na výši majetku ani na společenském postavení. Román náleží ke klasickým dílům anglické literatury a svým nesentimentálním jemným humorem vypovídá o poklidné atmosféře života středních vrstev anglické společnosti způsobem přijatelným i po dvou stech letech od svého vzniku. 
546 |a Český text 
655 7 |a anglické romány  |7 fd131814  |2 czenas 
655 9 |a English fiction  |2 eczenas 
700 1 |a Ruxová, Eva,  |d 1923-  |7 jk01103117  |4 trl 
830 0 |a 1400 
900 |a ABA001  |b 20 
044 |a xr 
910 |a RBIT002 
998 |d 417518  |a https://core.palmknihy.cz/api/books/417518/cover?ss8q6t  |b https://core.palmknihy.cz/api/books/417518/cover/400?ss8q6t  |c https://core.palmknihy.cz/api/books/417518/cover/50?ss8q6t  |e   |g 504  |i 9788027743421  |j https://core.palmknihy.cz/api/books/417518/preview.epub  |k https://core.palmknihy.cz/api/books/417518/preview.pdf  |l   |q 49  |r 1  |s https://www.palmknihy.cz/kniha/417518  |t ebook  |y 2025  |z 0 
999 |d 312646